Barry White Discography - Statistics

General Stats
  • This quiz has been taken 79 times
  • The average score is 26 of 35
Answer Stats
Type Year Name % Correct
Album 1974 Can't Get Enough
92%
Album 1976 Let the Music Play
92%
Album 1973 I've Got So Much to Give
88%
Album 1973 Stone Gon'
88%
Album 1978 The Man
88%
Album 1989 The Man Is Back!
83%
Compilation 1994 All-Time Greatest Hits
79%
Compilation 1975 Barry White's Greatest Hits
79%
Compilation 1977 Barry White's Greatest Hits Vol. 2
79%
Album 1977 Barry White Sings for Someone You Love
79%
Album 1981 Beware!
79%
Album 1983 Dedicated
79%
Album 1979 I Love to Sing the Songs I Sing
79%
Album 1980 Sheet Music
79%
Album 1987 The Right Night & Barry White
79%
Compilation 2003 20th Century Masters - The Millennium Collection: The Best of Barry White
75%
Album 1982 Change
75%
Album 1975 Just Another Way to Say I Love You
75%
Album 1979 The Message Is Love
75%
Collaborative Album 1981 Barry & Glodean
71%
Album 1976 Is This Whatcha Wont?
71%
Album 1999 Staying Power
71%
Album 1994 The Icon Is Love
71%
Compilation 2009 Unlimited
71%
Compilation 2005 White Gold: The Very Best of Barry White
71%
Compilation 1985 Heart and Soul
67%
Compilation 2010 Icon
67%
Compilation 2010 Icon 2
67%
Compilation 1992 Just for You
67%
Compilation 2003 Love Songs
67%
Album 1991 Put Me in Your Mix
67%
Compilation 2006 Gold
63%
Compilation 2009 Number Ones
63%
Compilation 1988 The Collection
63%
Compilation 2000 The Ultimate Collection
29%
No matching quizzes found
Score Distribution
Percent of People with Each Score
Percentile by Number Answered
Your Score History
You have not taken this quiz